00851 2200289 4500001002100000005001500021035002000036007000300056008004100059082001400100084002000114245007900134260003400213300004700247650001400294650001700308650002200325250001100347856003400358020002200392700002500414700002500439111004900464990001600513990001600529990001600545INLIS00000000000109320250616110409 a0010-0625000002ta250616 g 0 ind  a631.53.01 a631.53.01 BEN b1 aBenih Unggul, Jurus Sukses Swasembada Pangan /cAndi Amran Sulaiman et al. aJakarta :bIAARD PRESS,c2018 axvi + 216 hlm. :bills. tab. ;c14 x 21 cm 4aPertanian 4aBenih Unggul 4aSwasembada Pangan aCet. 1 aPerpustakaan Sekretariat BRMP a978-602-344-222-50 aSULAIMAN, Amran Andi1 aBARUS, Willing Sedia0 aBENIH Unggul, Jurus Sukses Swasembada Pangan a3228/2025/B a3229/2025/B a3230/2025/B